El muro
Salvato in:
| Autore principale: | |
|---|---|
| Natura: | Sconosciuto |
| Lingua: | Spanish |
| Pubblicazione: |
La Habana, Cuba
Letras Cubanas
c1990
|
| Serie: | Colección Radar
74 |
| Soggetti: | |
| Tags: |
Aggiungi Tag
Nessun Tag, puoi essere il primo ad aggiungerne!!
|
MARC
| LEADER | 000000000a22000000004500 | ||
|---|---|---|---|
| 001 | 001916 | ||
| 003 | CIICLA | ||
| 005 | 20140130091055.0 | ||
| 007 | ta | ||
| 008 | 140130s1990 cu |||f |||| 000 f spa d | ||
| 040 | |c cru CIICLA Universidad de Costa Rica | ||
| 041 | 0 | |a español | |
| 092 | 0 | |a Cu861.42 V331m | |
| 100 | 1 | |a Vasco, Justo E. | |
| 245 | 1 | 3 | |a El muro |c Justo E. Vasco |
| 260 | |a La Habana, Cuba |b Letras Cubanas |c c1990 | ||
| 300 | |a 191 páginas | ||
| 490 | 0 | |a Colección Radar |v 74 | |
| 500 | |a número de inscripción 02274 -- Esta obra ganó el Premio novela 1986 del Concurso Aniversario de la Revolución (MININT) | ||
| 650 | 4 | |a LITERATURA CUBANA |v NOVELA | |
| 942 | |2 ddc |c BK | ||
| 999 | |c 2804 |d 2804 | ||
